Psychology : for the IB diploma (2nd edition) (Record no. 77127)

MARC details
000 -LEADER
fixed length control field 01502nam a2200253 a 4500
008 - FIXED-LENGTH DATA ELEMENTS--GENERAL INFORMATION
fixed length control field 211028s2018 ||||||||||||||||| || u
020 ## - INTERNATIONAL STANDARD BOOK NUMBER
International Standard Book Number 9781292210995
050 ## - LIBRARY OF CONGRESS CALL NUMBER
Classification number BF 121 Bry
100 ## - MAIN ENTRY--PERSONAL NAME
Personal name Halkiopoulos, Christos
245 10 - TITLE STATEMENT
Title Psychology : for the IB diploma (2nd edition)
Statement of responsibility, etc. by Christos Halkiopoulos; Christian Bryan; Peter Giddens
250 ## - EDITION STATEMENT
Edition statement 2nd edition
260 ## - PUBLICATION, DISTRIBUTION, ETC.
Place of publication, distribution, etc. Halow
Name of publisher, distributor, etc. Pearson Education Limited
Date of publication, distribution, etc. 2018
300 ## - PHYSICAL DESCRIPTION
Extent xxviii, 395 pages : illustrations
490 ## -
-- Pearson baccalaureate
650 ## - SUBJECT ADDED ENTRY--TOPICAL TERM
Topical term or geographic name entry element IB DIPLOMA--STUDY GUIDES
650 #3 - SUBJECT ADDED ENTRY--TOPICAL TERM
Topical term or geographic name entry element PSYCHOLOGY
700 ## - ADDED ENTRY--PERSONAL NAME
Personal name Bryan, Christian
700 ## - ADDED ENTRY--PERSONAL NAME
Personal name Giddens, Peter
995 ## -
-- MAIN LIBRARY OPEN ACCESS
-- 751307
-- CBU-MAIN LIBRARY (Kitwe)
-- 68.38
-- BF 121 Bry
-- 1
-- AVAILABLE
-- Oct 28, 2021
-- 751307
-- Main Library Open Access Collection
995 ## -
-- MEDICAL LIBRARY OPEN ACCESS
-- 905301
-- CBU-SCHOOL OF MEDICINE LIBRARY (Ndola)
-- 67.30
-- BF 121 Bry
-- 5
-- AVAILABLE
-- Jan 18, 2022
-- 905301
-- Medical Library Open Access Collection
995 ## -
-- MEDICAL LIBRARY OPEN ACCESS
-- 905300
-- CBU-SCHOOL OF MEDICINE LIBRARY (Ndola)
-- 67.30
-- BF 121 Bry
-- 4
-- AVAILABLE
-- Jan 18, 2022
-- 905300
-- Medical Library Open Access Collection
995 ## -
-- MAIN LIBRARY OPEN ACCESS
-- 751309
-- CBU-MAIN LIBRARY (Kitwe)
-- 68.38
-- BF 121 Bry
-- 3
-- AVAILABLE
-- Oct 28, 2021
-- 751309
-- Main Library Open Access Collection
995 ## -
-- MAIN LIBRARY OPEN ACCESS
-- 751308
-- CBU-MAIN LIBRARY (Kitwe)
-- 68.38
-- BF 121 Bry
-- 2
-- AVAILABLE
-- Oct 28, 2021
-- 751308
-- Main Library Open Access Collection
999 ## -
-- 77127
-- 77127
Holdings
Withdrawn status Lost status Source of classification or shelving scheme Damaged status Not for loan Permanent Location Current Location Shelving location Date acquired Total Checkouts Full call number Barcode Date last seen Copy number Price effective from Koha item type
          CBU-MAIN LIBRARY, KITWE. CBU-MAIN LIBRARY, KITWE.   04/25/2023   BF 121 Bry 751307 04/25/2023 1 04/25/2023 MONOGRAPH
          CBU-MAIN LIBRARY, KITWE. CBU-MAIN LIBRARY, KITWE.   04/25/2023   BF 121 Bry 751309 04/25/2023 4 04/25/2023 MONOGRAPH
          CBU-MAIN LIBRARY, KITWE. CBU-MAIN LIBRARY, KITWE.   04/25/2023   BF 121 Bry 751308 04/25/2023 5 04/25/2023 MONOGRAPH
          CBU-SCHOOL OF MEDICINE LIBRARY, NDOLA. CBU-SCHOOL OF MEDICINE LIBRARY, NDOLA.   04/25/2023   BF 121 Bry 905301 04/25/2023 2 04/25/2023 MONOGRAPH
          CBU-SCHOOL OF MEDICINE LIBRARY, NDOLA. CBU-SCHOOL OF MEDICINE LIBRARY, NDOLA.   04/25/2023   BF 121 Bry 905300 04/25/2023 3 04/25/2023 MONOGRAPH